| 000 -LEADER |
| fixed length control field |
00889nam a2200217 i 4500 |
| 005 - DATE AND TIME OF LATEST TRANSACTION |
| control field |
20171212141725.0 |
| 008 - FIXED-LENGTH DATA ELEMENTS--GENERAL INFORMATION |
| fixed length control field |
070905s2004 xxua f |001 0 eng c |
| 020 ## - INTERNATIONAL STANDARD BOOK NUMBER |
| International Standard Book Number |
1587051052 |
| 035 ## - SYSTEM CONTROL NUMBER |
| System control number |
zz2007792300 |
| 039 #9 - LEVEL OF BIBLIOGRAPHIC CONTROL AND CODING DETAIL [OBSOLETE] |
| Level of rules in bibliographic description |
201607121353 |
| Level of effort used to assign nonsubject heading access points |
kopilwa |
| Level of effort used to assign subject headings |
200709100908 |
| Level of effort used to assign classification |
pw |
| Level of effort used to assign subject headings |
200709070105 |
| Level of effort used to assign classification |
VLOAD |
| Level of effort used to assign subject headings |
200709061054 |
| Level of effort used to assign classification |
qbb |
| -- |
200709051108 |
| -- |
vpw |
| 040 ## - CATALOGING SOURCE |
| Original cataloging agency |
WA 72/01OMK |
| Transcribing agency |
WA 72/01OMK |
| Modifying agency |
WA 72/01OMW |
| 100 1# - MAIN ENTRY--PERSONAL NAME |
| Personal name |
Alwayn, Vivek. |
| 245 10 - TITLE STATEMENT |
| Title |
Optical network design and implementation / |
| Statement of responsibility, etc |
Vivek Alwayn. |
| 260 ## - PUBLICATION, DISTRIBUTION, ETC. (IMPRINT) |
| Place of publication, distribution, etc |
Indianapolis : |
| Name of publisher, distributor, etc |
Cisco Press, |
| Date of publication, distribution, etc |
cop. 2004. |
| 300 ## - PHYSICAL DESCRIPTION |
| Extent |
XXXI, 809 s. : |
| Other physical details |
il. ; |
| Dimensions |
24 cm. |
| 500 ## - GENERAL NOTE |
| General note |
Na okł.: A comprehensive guide to understanding and configuring multiservice DWDM, SONET, and SDH architectures. |
| 500 ## - GENERAL NOTE |
| General note |
Na okł.: Vivek Alwayn, CCIE No. 2995. U góry okł.: Cisco Systems. |
| 504 ## - BIBLIOGRAPHY, ETC. NOTE |
| Bibliography, etc |
Bibliogr. s. [759]-760. Indeks. |
| 920 ## - |
| -- |
1-58705-105-2 |
| 961 ## - |
| -- |
WA_310 WA_72 |